[Event "EU-ch 1st"]
[Site "Saint Vincent"]
[Date "2000.07.07"]
[Round "5"]
[White "Gershon, Alik"]
[Black "Morovic Fernandez, Ivan"]
[Result "1-0"]
[WhiteElo "2502"]
[BlackElo "2608"]
[Annotator "Lutz,C"]
[PlyCount "79"]
[EventDate "2000.07.03"]
[EventType "swiss"]
[EventRounds "11"]
[EventCountry "ITA"]
[SourceTitle "CBM 078"]
[Source "ChessBase"]
[SourceDate "2000.10.18"]
[SourceVersion "1"]
[SourceVersionDate "2000.10.18"]
[SourceQuality "1"]

1. d4 {Gershon} d5 2. c4 c6 3. Nf3 Nf6 4. Nc3 e6 5. Bg5 dxc4 6. e4 b5 7. e5 h6
8. Bh4 g5 9. Nxg5 hxg5 10. Bxg5 Nbd7 11. g3 Qa5 {Die Aufstellung Qa5 und Ba6
ist wesentlich unpopulärer als die Standardaufstellung Qb6 und Bb7, aber ab
und zu gab es auf Top-Ebene Partien in dieser Variante.} 12. exf6 Ba6 {[%csl
Re1,Rg5][%cal Ya6f1,Ya5e1,Ya5g5] Der Ba6 soll ggf. die weiße Rochade
verhindern, die Dame wirkt entlang der Diagonalen a5-e1 und der 5.Reihe.} 13.
a3 $6 {Nicht der beste Zug, da Schwarz nun einen Springer auf d3 etablieren
kann.} ({Nach} 13. Bg2 b4 14. Ne4 c3 15. b3 O-O-O {ist die schwarze Strategie
voll aufgegangen:} 16. Qf3 (16. Qc2 c5 17. O-O-O cxd4 18. Rxd4 Bc5 19. Rd6 Bxd6
20. Nxd6+ Kc7 21. Nxf7 Qa3+ 22. Kd1 Ne5+ 23. Nxd8 Rxd8+ 24. Ke1 Qb2 {0-1
Bolbochan,J-Stahlberg,G/Mar del Plata 1948/MCD (24)}) 16... Bb5 {'<=>' Gershon.
Gershon: '0-1 Garcia,F-Cifuentes Parada,R/Benasque 1995/EXT 97 (40)'} 17. a4
bxa3 18. Nxc3 Ne5 19. dxe5 Bb4 20. Bd2 Rxd2 21. Kxd2 Rd8+ 22. Kc2 Rd3 23. Qxd3
Bxd3+ 24. Kxd3 Bxc3 25. Rxa3 Qxa3 26. Kxc3 Qc5+ 27. Kd3 Qxe5 28. Rc1 c5 29. Rc4
Kd7 30. Ra4 a5 31. Ra2 Qxf6 32. Rd2 Ke7 33. Bc6 Qd4+ 34. Ke2 Qc3 35. Rd3 Qc2+
36. Ke3 Qc1+ 37. Ke2 c4 38. bxc4 Qxc4 39. Bf3 a4 40. Kd2 Qb5 {0-1 Garcia,
F-Cifuentes Parada,R/Benasque 1995/EXT 97 (40)}) (13. Qf3 {ist wohl die
kritische Variante, z.B.} Rc8 (13... b4 14. Ne4 O-O-O 15. b3 cxb3 16. Bxa6+
Qxa6 17. Qxb3 Qb5 18. Rc1 Nb6 19. Be3 a5 20. Qc2 Kb7 21. Qe2 Qd5 22. f3 Nd7 23.
O-O Bh6 24. Rf2 Kb6 25. a3 Rb8 26. axb4 axb4 27. Bxh6 Rxh6 28. Qd2 {1-0
Kasparov,G-Miles,A/Basel 1986/MCL (28)}) (13... Bb7 {Gershon} 14. Bg2 b4 (14...
O-O-O) 15. Ne4 c5 $6 16. Nd6+ Bxd6 17. Qxb7 Rd8 18. Qc6 Bb8 19. d5 $16 {
1-0 Sakaev,K-Govedarica,R/Belgrade 1996/EXT 99 (25)}) 14. Be2 b4 15. Ne4 c5 16.
d5 $1 {'!!' Gershon.} (16. dxc5 Nxc5 17. Nxc5 Bxc5 18. O-O Bd4 19. Qf4 Qe5 20.
Qxe5 Bxe5 $44 {Sokolov,I-Kamsky,G/Beograd/1991/0.5 (45)}) 16... exd5 17. Qf5
dxe4 18. O-O-O $16 {1-0 Kramnik,V-Ehlvest,J/Riga 1995/CBM 47/[Ftacnik] (25)
'->' Gershon.}) (13. Be2 {Gershon} Rd8 14. O-O b4 15. Ne4 Qf5 16. Bf3 Ne5 17.
Bg2 (17. dxe5 $4 Rxd1 {[%csl Re4,Rf3]}) 17... Nd3 18. Qa4 Qb5 19. Qxb5 Bxb5 20.
a4 bxa3 21. bxa3 Rxd4 22. Nc3 Bh6 23. Bxh6 Rxh6 $13 {0-1 Martinez Martin,
D-Galiana,J/Barcelona ESP 2000/The Week in Chess 301 (40)}) 13... O-O-O (13...
b4 $2 {Gershon} 14. axb4 Qxg5 15. Rxa6 $18) (13... Bb7 {Gershon} 14. Bg2 b4 15.
axb4 $5 (15. Ne4) 15... Qxg5 16. b5 Nb8 $8 (16... Rc8 17. Rxa7) (16... O-O-O
17. Rxa7 Nb8 18. Qa1 {with a very strong attack for the piece}) 17. Qa4 Kd7 $8
(17... cxb5 18. Nxb5 $1 $18 {[%cal Gb5d6]}) 18. Qxc4 Qxf6 19. O-O $44) 14. Bg2
Ne5 $5 $146 (14... Nc5 $5 15. O-O Nb3 16. Qf3 Bb7 (16... Nxd4 {Gershon} 17. Qe4
Bb7 18. Rad1 Qb6 19. Be3 Bc5 20. Qe5 $16) 17. Rad1 b4 {'!' Gershon.} (17... Rd7
{(Gershon) /\ c5} 18. Qe3 Qb6 19. Ne2 c5 20. dxc5 Bxc5 $132) 18. Ne4 bxa3 19.
bxa3 Bxa3 20. h4 {'©' Gershon.} (20. Be3 {Gershon} Qh5 21. Qxh5 Rxh5 {/\ Bb2,
a5-a4-a3}) (20. Qe2 $5 {Gershon}) 20... Bb4 $13 {1-0 Beliavsky,A-Novikov,I/
Leningrad 1990/URS-ch/[ChessBase] (40)}) 15. O-O Nd3 16. b4 {'!' Gershon.
Gershon: 'This is a double edged decision, of course. On one hand white gives
up any break though ideas connected with b2-b3, and creates black a very
strong passed pawn.On the other hand this move burries any hopes of c5 black
might have had, and with it his light squared bishop. I assessed that this
fact is stronger than the others altogether. '} (16. Bxc6 Rxd4 $13 (16... Qb6 {
Gershon} 17. Qf3 Rxd4 {[%cal Ga6b7] I felt that after the exchange of light
squared B's black's chances would be preferable} 18. Be4 (18. Be3 Ne5 19. Qe4
Nxc6 20. Bxd4 Nxd4 $19 {[%cal Ga6b7]}))) 16... Qc7 (16... Qb6 {Gershon} 17. Be3
{[%cal Gd4d5]}) 17. Be3 Bb7 18. Qg4 {'!?' Gershon. Gershon: 'Preventing black
from playing e5 on this next move, and thus gaining a tempo to get a rook to
d1.It seems that if white gets to sac an exchange on d3 black's position will
become critical,without even ONE good piece.'} a5 {'!?' Gershon. Gershon:
'Trying to get a counterplay, even in the cost of opening his own king'  Es
erscheint paradox, dass Schwarz die Stellung am Damenflügel öffnet, aber
ansonsten bekommt er seine Figuren nicht ins Spiel.} (18... Kb8 {Gershon} 19.
Rfd1 {[%cal Gg2f1]} e5 20. dxe5 Nxe5 (20... Qxe5 21. Rxd3 $1 {[%cal Ge3f4]})
21. Rxd8+ Qxd8 22. Qf4 Bd6 23. Bc5 $16) 19. Be4 {Gershon: 'Preparing a very
promissing piece sac'} axb4 20. axb4 Bxb4 (20... Nxb4 {Gershon} 21. Ra7 Nd5
$140 22. Bxd5 cxd5 23. Nxb5 Qb6 24. Rb1 $18) 21. Nxb5 $5 {'!' Gershon. Ein
Figurenopfer, das nach einem kurzen taktischen Geplänkel letztlich zu einem
Qualitätsopfer mutiert.} cxb5 22. Ra7 Rhg8 {'!' Gershon.} (22... Rd5 {Gershon}
23. Bxd5 {[%cal Gg4c8,Ga7c7]}) (22... Bxe4 {Gershon} 23. Rxc7+ Kxc7 24. Qxe4
Rd5 25. g4 $16) 23. Qf3 (23. Qh3 Rh8 (23... Bxe4 24. Rxc7+ Kxc7 25. Qh5 $13)
24. Qg4 Rhg8 $11) 23... Rd5 24. Rb1 $1 {Gershon: 'This is the key move in
white's plan. Although a pices up black's position is very dangerous.'} (24.
Bxd5 exd5 $17) 24... Qb6 {Gershon: 'probably the best'} (24... Kb8 {Gershon}
25. Rxb7+ Kxb7 (25... Qxb7 26. Bxd3 cxd3 27. Rxb4 $16 {[%csl Rb8][%cal Ge3f4]})
26. Bxd3 cxd3 27. Rxb4 {a position similar to the game}) (24... Bd6 {Gershon}
25. Bxd5 exd5 26. Rxb5 $18) 25. Rxb7 Qxb7 26. Bxd3 cxd3 27. Rxb4 Qc6 {Gershon:
'Looks like the worst for black is behind, but white's pieces are very well
coordinated and the K is weak.'} 28. Rb1 $44 {Weiß hat als Kompensation für
die Minusqualität Spiel gegen den schwarzen König und der Pd3 ist schwach. Die
Stellung ist im dynamischen Gleichgewicht.} Kb7 $2 {[%csl Rb7][%cal Yf3b7,
Yb1b7] '(+)?' Gershon. Ich denke, dass dieser Zug ein klarer Fehler ist. Der
König steht in der indirekten Schusslinie von Dame und Turm des Gegners.} (
28... Kd7 {ist besser. Die Stellung ist dann völlig unklar, z.B.} 29. Qe4 (29.
Ra1 Ra8) (29. Rc1 Rc5) 29... Rh8 30. h4 Qc3 31. Rd1 b4 32. Kg2 Qc6 $13) 29. Qe4
(29. Rc1 Rc5 $1) 29... Rh5 (29... Qc4 30. Qh7 (30. Rc1 Qb3) 30... Rf8 31. Bh6
Rfd8 32. Qxf7+ R5d7 33. Qg6 $36) (29... Rh8 30. h4) 30. Qxd3 Qd5 {Gershon:
'Black came up with a very interesting plan creating very real threat to
white's K.... However, he misses white's killer reply'} (30... Rxh2 31. Rxb5+ (
31. d5 $1 $18 {Gershon}) 31... Kc8 32. d5 $18) (30... Ra8 31. Rc1 Qd5 32. Qc3
Qd7 $16) 31. Qa3 $18 {'+-!' Gershon. Die weißen Figuren dringen ins schwarze
Lager ein. Damit ist die Partie entschieden.} Ra8 {'[]' Gershon.} (31... Re8
32. Ra1 $18) 32. Qe7+ Kb6 33. Rc1 Ra7 34. Qf8 {Gershon: 'black pieces are tied
up'} Rh7 35. Qb8+ Rb7 36. Qa8 Rc7 (36... Ra7 37. Rc6+ $1 Qxc6 38. d5+ $18) 37.
Qb8+ Rb7 38. Qc8 Ra7 39. Rc6+ $1 Ka5 40. Bd2+ (40. Bd2+ Ka4 (40... b4 41. Rc5+
$18) 41. Rc1 $18 (41. Rc1 {[%csl Rh7][%cal Gc8c2,Gc1a1] Gershon} Qxd4 42. Qc2+
Ka3 43. Rb1)) 1-0

[Event "NED-ch53"]
[Site "Rotterdam"]
[Date "1998.06.28"]
[Round "7"]
[White "Nikolic, Predrag"]
[Black "Timman, Jan H"]
[Result "1/2-1/2"]
[WhiteElo "2635"]
[BlackElo "2635"]
[Annotator "Lutz,C"]
[PlyCount "95"]
[EventDate "1998.06.21"]
[EventType "tourn"]
[EventRounds "11"]
[EventCountry "NED"]
[EventCategory "12"]
[SourceTitle "CBM 066"]
[Source "ChessBase"]
[SourceDate "1998.09.30"]
[SourceVersion "1"]
[SourceVersionDate "1998.09.30"]
[SourceQuality "1"]

1. d4 {Hecht} d5 2. c4 c6 3. Nc3 Nf6 4. Nf3 e6 5. Bg5 dxc4 6. e4 b5 7. e5 h6 8.
Bh4 g5 9. Nxg5 hxg5 10. Bxg5 Nbd7 11. exf6 Bb7 12. g3 c5 13. d5 Qb6 14. Bg2
O-O-O 15. O-O b4 16. Na4 Qa6 17. a3 Bxd5 {Wahrscheinlich inspiriert durch die
Partie A.Khalifman-V.Ivanchuk (President´s Cup 1998) wählt Timman diese
Variante, aber Weiß wartet mit einer neuen Idee auf.} 18. axb4 (18. Bxd5 {
war bislang die Hauptvariante.} Ne5 19. axb4 Rxd5 20. Qe2 cxb4 21. Nc3 Qc6 22.
Nxd5 Qxd5 23. f3 Nd3 24. h4 b3 $1 {1-0 Khalifman,A-Ivanchuk,V/Presidents Cup
1998/CBM 65/[Lutz] (58)}) 18... Bxg2 19. Kxg2 cxb4 $146 (19... Qc6+ 20. f3 cxb4
21. Qe2 Bd6 22. Rfd1 Ne5 $13 {Beliavsky,A-Khalifman,A/Yugoslavia 1998}) 20. Qe2
Qb5 {Timmans möchte seinen Springer nach e5 bringen, daher nahm er von ...Qc6+
Abstand.} 21. Rfd1 $1 Ne5 {Es droht ...Qc6+, Weiß muß daher handeln.} (21...
Qxg5 {ist zu gefährlich.} 22. Qxc4+ Nc5 (22... Kb8 23. Nb6 $18 {nebst Qa6 oder
Qc6}) (22... Bc5 23. Qa6+ Kc7 24. Rac1 $18) 23. Nb6+ Kc7 24. Rxd8 Kxd8 25. Rxa7
$40) 22. Nb6+ Qxb6 23. Rxd8+ Qxd8 24. Qxe5 Qd5+ {Forciert ein Endspiel. Aber
ist dies auch remis ?} 25. Qxd5 exd5 26. Rxa7 d4 27. Bf4 c3 28. Rc7+ $2 {
Mir scheint, daß Weiß hier eine gute Chance ausläßt.} (28. bxc3 $5 dxc3 (28...
b3 29. Rc7+ Kd8 30. Rb7 $18) 29. Rxf7 {Erscheint riskant, aber ich sehe nicht,
wie Schwarz seine Bauern vorrücken kann.} Kd8 $5 (29... Bh6 30. Bd6) (29... c2
30. Rc7+ $18) (29... b3 30. Rc7+ $18) 30. Rc7 Bh6 31. Bd6) 28... Kd8 29. Rc4
cxb2 30. Rxd4+ Kc8 31. Rd1 Bh6 32. Bxh6 (32. Be5 Bc1) 32... Rxh6 33. Rb1 Rxf6
34. Rxb2 Rb6 {Dank des passiven weißen Turm hält Schwarz remis. [#] Hecht:
Schwarz hat deshalb Kompensation für den Minusbauern, weil sein Turm h i n t e
r dem Einzelfreibauern steht, damit den weißen Turm bindet, so daß die weiße
Bauernmehrheit nicht entscheidend zur Geltung gebracht werden kann.} 35. Kf3
Kd7 36. h4 Kd6 37. g4 Ke5 {Hecht:Richtigerweise bleibt Schwarz mit seinem
König zentral und hindert die weiße Mehrheit an der Entfaltung. Die
Alternative war, den ohnehin passiv stehenden weißen Turm für den Freibauern
zu erobern. Soweit ich sehe, hat Weiß damit keinerlei Probleme. Zwei Beispiele:
} (37... Kd5 {Hecht} 38. Kf4 Kc4 39. Kf5 Kc3 40. Rb1 b3 41. f4 b2 42. g5 Kc2
43. Rh1 b1=Q 44. Rxb1 Kxb1 45. h5 Kc2 46. h6 (46. g6 fxg6+ 47. hxg6 Kd3 48. g7
Rb8 49. Kg6 Rb1 50. f5 Rg1+ 51. Kh7 Rh1+ 52. Kg8 Rf1 53. Kh7 Rh1+ 54. Kg6 Rg1+
55. Kf7 Ke4 56. f6 Kf5 57. Ke7 Rg6 $11) 46... Kd3 47. h7 Rb8 {und Weiß macht
mühelos remis} 48. Kf6 (48. g6 fxg6+ 49. Kxg6 Ke4 50. f5 Ke5 51. f6 Ke6 52. f7
{oder Kg7}) 48... Rh8 49. Kg7 Rxh7+ 50. Kxh7 Ke4 $11) 38. Rb3 Rb8 39. Ke3 f5
40. f3 (40. f4+ {Hecht} Kf6 41. g5+ Kg6 42. Kd4 Kh5 43. Kc5 Kxh4 44. Rxb4 Re8
$11 {[%csl Rf4][%cal Ge8e1,Rh4g4]} 45. Rb1 Kg3 46. Rf1 Kg2 47. Ra1 Kf3 $11)
40... fxg4 41. fxg4 Rb7 42. Kf3 Rb8 43. Kg3 Rb7 44. Re3+ Kd5 45. h5 b3 46. Re1
b2 47. Rb1 Ke5 48. h6 1/2-1/2

[Event "St Petersburg-ch"]
[Site "St Petersburg"]
[Date "1998.04.20"]
[Round "13"]
[White "Aseev, Konstantin N"]
[Black "Ivanov, Sergey"]
[Result "0-1"]
[WhiteElo "2565"]
[BlackElo "2570"]
[Annotator "Lutz,C"]
[PlyCount "76"]
[EventDate "1998.04.07"]
[EventType "tourn"]
[EventRounds "13"]
[EventCountry "RUS"]
[EventCategory "10"]
[SourceTitle "CBM 065"]
[Source "ChessBase"]
[SourceDate "1998.08.06"]
[SourceVersion "1"]
[SourceVersionDate "1998.08.06"]
[SourceQuality "1"]

1. d4 d5 2. c4 e6 3. Nf3 Nf6 4. Nc3 c6 5. Bg5 dxc4 6. e4 b5 7. e5 h6 8. Bh4 g5
9. Nxg5 hxg5 10. Bxg5 Nbd7 11. exf6 Bb7 12. g3 c5 13. d5 Qb6 14. Bg2 O-O-O 15.
O-O b4 16. Na4 Qb5 17. a3 exd5 18. axb4 d4 19. Bxb7+ Kxb7 20. Bf4 $5 $146 {
Eine lästige Neuerung. Weiß nimmt dem Bf8 das Feld d6 und dem schwarzen König
die Felder c7 und b8.} (20. Nc3 $5 {wurde bereits zweimal gegen Ivanow
gespielt, allerdings ohne zählbaren Erfolg.}) 20... Qc6 21. Re1 d3 22. b5 Qxb5
23. Re4 $6 (23. b3 $5 $16 {wirft ein Schatten auf die schwarze Stellung. Weiß
reißt den Damenflügel auf.} cxb3 (23... Nxf6 24. bxc4 Qxc4 25. Qd2 $16) 24. Nc3
Qc6 (24... Qb6 25. Qf3+ Kc8 26. Rxa7 $18) 25. Qxb3+) 23... Nb6 24. Nxb6 axb6
25. Re7+ {Weiß forciert nun ein Endspiel, das ihm Remis, wahrscheinlich aber
nicht mehr verspricht.} (25. h4 $5 {ist interessant, da Schwarz keinen
richtigen Zug hat.} Qc6 (25... Bd6 26. Bxd6 Rxd6 27. Re7+ Kb8 28. Raa7 $16) (
25... d2 26. Re2 Qxb2 27. Re7+ Kc6 28. Rc7+ Kd5 29. Ra2 Qxa2 30. Qf3+ Ke6 31.
Qe4+ Kxf6 32. Be5+ Ke6 33. Bxh8+ Kd6 34. Qe5#) (25... Qxb2 26. Re7+ Kc6 27. Rb1
$18) 26. Rxc4 Bd6 $44) 25... Bxe7 26. Qf3+ Qc6 27. Ra7+ Kxa7 28. Qxc6 Bd6 $1 (
28... Bxf6 29. Qxf6 d2 30. Bxd2 $18) 29. Bxd6 d2 30. Qd5 Rhe8 31. Qxf7+ {
Führt zum Unentschieden.} (31. Qxd2 $5 Re6 32. Bb8+ Rxb8 33. h4 $5 $14 {
ist besser für Weiß, da der schwarze König immer den Schachs der weißen Dame
ausgesetzt ist und Weiß mit seinen Freibauern am Königsflügel marschiert.. Ob
Weiß allerdings mehr als Dauerschach erreichen kann, ist unklar.}) 31... Ka6
32. Qxc4+ b5 33. Qa2+ Kb6 34. Qd5 Re1+ 35. Kg2 d1=Q 36. Bxc5+ $2 {Stellt die
Partie ein.} (36. Qxc5+ Ka6 37. Qc6+ Ka7 38. Qc7+ Ka6 39. Qc6+ $11 {ergibt
Dauerschach.} (39. Qxd8 $2 Rg1+ 40. Kh3 Qh5#)) 36... Kc7 37. Qxd1 Rexd1 38. f7
R1d6 $1 0-1

[Event "Dos Hermanas-B"]
[Site "Dos Hermanas"]
[Date "2003.04.01"]
[Round "4"]
[White "Franco Ocampos, Zenon"]
[Black "Korneev, Oleg"]
[Result "0-1"]
[WhiteElo "2506"]
[BlackElo "2613"]
[Annotator "Lutz,C"]
[PlyCount "74"]
[EventDate "2003.03.28"]
[EventType "tourn"]
[EventRounds "9"]
[EventCountry "ESP"]
[EventCategory "10"]
[SourceTitle "CBM 095"]
[Source "ChessBase"]
[SourceDate "2003.07.25"]
[SourceVersion "1"]
[SourceVersionDate "2003.07.25"]
[SourceQuality "1"]

1. Nf3 d5 2. d4 Nf6 3. c4 e6 4. Nc3 c6 5. Bg5 dxc4 6. e4 b5 7. e5 h6 8. Bh4 g5
9. Nxg5 hxg5 10. Bxg5 Nbd7 11. g3 Bb7 12. Bg2 Qb6 13. exf6 O-O-O 14. O-O c5 15.
d5 b4 16. Rb1 Qa6 17. dxe6 Bxg2 18. e7 Ba8 $5 {Da der Hauptzug in dieser
Stellung, 18...Bxf1, als nicht mehr spielbar gilt, versucht sich Schwarz an
dieser selteneren Fortsetzung. Schwarz hofft, dass die geschwächte Diagonale
a8-h1 Gegenspiel gegen den weißen König einbringt und die Minusqualität
kompensiert.} (18... Bxf1 19. Kxf1 Qc6 20. exd8=Q+ Kxd8 21. Nd5 Rxh2 22. Kg1
Rh8 23. Bf4 Kc8 (23... Qe6 24. Qf3 Qh3 25. Rd1 b3 26. a4 Qh2+ 27. Kf1 Qh1+ 28.
Ke2 Qxf3+ 29. Kxf3 Kc8 30. g4 $16 {1-0 Nikolic,P-Shirov,A/Linares 1997/CBM 57/
[ChessBase] (44)}) (23... Bd6 24. Bxd6 Qxd6 25. Qf3 Ne5 26. Qe4 Re8 27. Ne3 Nc6
28. Qf3 Kc7 29. Nxc4 Qd4 30. b3 Qe4 31. Qxe4 Rxe4 32. Kg2 Ne5 33. Ne3 Kd7 34.
Rh1 Ke6 35. Rh8 Kxf6 36. Rc8 Nd3 37. Ra8 Rd4 38. Rxa7 $16 {Kramnik,V-Shirov,A/
Monaco blind 1996/1/2-1/2 (59)}) 24. Qf3 Kb7 25. Rd1 Nb6 26. Qg2 Bh6 27. Nxb6
Qxg2+ 28. Kxg2 Kxb6 29. Be5 $1 $16 {1-0 Rytshagov,M-Hermansson,E/Stockholm
2002/CBM 91/[Lutz] (36)}) 19. Nd5 $6 (19. exd8=Q+ {erscheint stärker und ist
die kritische Fortsetzung..} Kxd8 20. Ne2 Kc8 21. Qc2 Qe6 22. Nf4 (22. f3 Bd6
23. Rbd1 Be5 24. Rf2 Rg8 25. Nf4 Qc6 26. Nd5 Qxd5 27. Rxd5 Bxd5 28. Be3 Re8 29.
Rd2 Be6 30. Qe4 c3 31. bxc3 bxc3 32. Qc6+ Kd8 33. Qa8+ Kc7 34. Qxa7+ Kc6 35.
Rxd7 Bxd7 36. Qxc5+ Kb7 37. Qb6+ Kc8 38. Qa6+ Kc7 39. Bb6+ Kd6 40. Bd4+ Kd5 41.
Bxe5 Kxe5 42. Qd3 Rc8 43. Qxd7 Rc5 44. Qe7+ Kd5 45. Qxf7+ Kc6 46. Qe6+ {
1-0 Yermolinsky,A-Lapshun,Y/Philadelphia 1998/EXT 99 (46)}) 22... Qg4 23. Qe2 (
23. Rfe1 Bh6 24. Bxh6 Qf3 25. Kf1 Qh1+ 26. Ke2 Qf3+ 27. Kd2 Qxf2+ 28. Re2 Qd4+
29. Kc1 Bf3 30. Qd2 Rxh6 31. Re8+ Kc7 32. h4 Rxf6 33. Re3 Bc6 34. Re7 Kd8 35.
Qe3 Rd6 36. Qxd4 cxd4 37. Rxf7 Be4 38. Ra1 c3 39. bxc3 bxc3 40. Ne2 Ne5 41.
Rxa7 Nd3+ 42. Kd1 Bf3 {0-1 Gromark,P-Hultin,P/SWE 1995/EXT 2002 (42)}) 23...
Bf3 24. Qe8+ Kc7 25. Qe3 Kc8 26. h3 Bd6 27. Rfd1 Bxf4 28. Bxf4 Bc6 29. Rd6 Bb7
30. Rxd7 Qxd7 31. Qe5 Qd5 32. Qc7# {1-0 Eriksson,J-Hultin,P/Haninge 1997/EXT
99 (32)}) 19... Qb7 $1 {Jetzt scheint Schwarz einfach gut zu stehen.} (19...
Qe6 $5 20. exf8=Q (20. exd8=Q+ {Ftacnik} Kxd8 21. Nf4 Qf5 22. Qd2 Kc8 23. Rbd1
Bc6 24. h4 Ne5 25. Qd8+ Kb7 26. f3 Bxf3 27. Nd5 Qh3 28. Qc7+ Ka6 29. Rxf3 Nxf3+
30. Kf2 Nxg5 $10) 20... Rdxf8 $13 {Ftacnik,L. 1/2-1/2 Uhlmann,W-Schoen,W/Porz
1990/CBM 21/[Ftacnik] (65)}) 20. exf8=Q Rhxf8 21. Ne7+ Kc7 {Der schwarze König
muss zwar nun etwas auf Wanderschaft gehen, steht aber auf b5 sehr sicher.} 22.
Bf4+ Kb6 (22... Ne5 $5 {ist ebenfalls nicht zu verachten.} 23. Bxe5+ Kb6 24. f3
Rxd1 25. Rbxd1 Re8 26. Rd6+ Kb5 27. h4 Rxe7 28. fxe7 Qxe7 $17 {0-1 Peter,
A-Thallinger,H/Budapest 1995/EXT 97 (55)}) 23. Qd6+ Kb5 24. a4+ Ka5 25. Qc7+
Kxa4 26. Ra1+ Kb3 27. f3 Qxc7 28. Bxc7 Nxf6 29. Bxd8 Rxd8 $19 {Schwarz hat
zwar die Qualität weniger, aber seine Bauern am Damenflügel in Verbindung mit
dem vorgerückten schwarzen König steht er auf Gewinn.} 30. Rf2 Rd3 31. Raf1 a5
32. g4 a4 33. h4 c3 34. bxc3 Rxc3 35. Nc8 Rc2 36. Rb1+ Kc3 37. Nb6 Bc6 0-1

[Event "Presidents Cup "]
[Site "Elista"]
[Date "1998.05.20"]
[Round "5.2"]
[White "Khalifman, Alexander"]
[Black "Ivanchuk, Vassily"]
[Result "1-0"]
[WhiteElo "2660"]
[BlackElo "2740"]
[Annotator "Lutz,C"]
[PlyCount "117"]
[EventDate "1998.05.07"]
[EventType "k.o."]
[EventRounds "6"]
[EventCountry "RUS"]
[SourceTitle "CBM 065"]
[Source "ChessBase"]
[SourceDate "1998.08.06"]
[SourceVersion "1"]
[SourceVersionDate "1998.08.06"]
[SourceQuality "1"]

1. d4 {Hecht} d5 2. c4 c6 3. Nf3 Nf6 4. Nc3 e6 5. Bg5 dxc4 6. e4 b5 7. e5 h6 8.
Bh4 g5 9. Nxg5 hxg5 10. Bxg5 Nbd7 11. g3 Bb7 12. Bg2 Qb6 13. exf6 c5 14. d5
O-O-O 15. O-O b4 16. Na4 Qa6 17. a3 Bxd5 18. Bxd5 Ne5 19. axb4 Rxd5 20. Qe2
cxb4 21. Nc3 Qc6 22. Nxd5 Qxd5 {Dieses Qualitätsopfer wurde zuerst in der
Partie W.Iwantschuk-A.Shirow (Novgorod 1994) gespielt. Als Kompensation erhält
Schwarz einen starken Springer auf d3. Wie es scheint, hat Schwarz
vollwertiges Spiel.} 23. f3 Nd3 24. h4 b3 $1 {Eine neue Idee. Bislang wurde
automatisch 24...Bc5+ gespielt. Iwantschuk konsolidiert stattdessen seine
Stellung, da Weiß nichts unternehmen kann.} (24... Bc5+ 25. Kg2 Bd4 {1/2-1/2
Pedersen,H-Petersen,S/Copenhagen BSF-B 1995/EXP 46 (46)} (25... Kb7 26. Ra5 $1
{1-0 Ivanchuk,V-Shirov,A/Novgorod 1994/CBM 43/[Ftacnik] (46) Ftacnik})) 25. Kg2
Kb7 26. Ra4 Bb4 27. Bd2 Bc5 28. Be3 Rg8 29. Bg5 {Die Manöver des Läufers
machen keinen berauschenden Eindruck, aber Weiß kann ohnehin nichts machen.}
Qd4 30. Rb1 Kc6 31. Qd2 Bb6 32. Kh3 e5 $2 {Gibt Weiß eine Möglichkeit,
auszubrechen.} (32... Kb5 $1 {gibt Schwarz Vorteil. Weiß kann sich nach wie
vor nicht bewegen.}) 33. Be3 $1 Qxe3 34. Rxc4+ Kd5 35. Qxe3 Bxe3 36. Rc3 {
Das entstandene Endspiel ist unklar.} e4 37. Ra1 {Gemäß Drejew in SCHACH 7/98
war sowohl 37...Bb6 als auch 37...Bf2 besser.} Ke5 $2 {Gemäß Drejew in SCHACH
7/98 war sowohl 37...Bb6 als auch 37...Bf2 besser.} (37... Bb6 $5 38. fxe4+
Kxe4 39. Ra4+ (39. Rxb3 $13) 39... Bd4 40. Rcc4 $2 {scheitert an} (40. Rxb3 Nc5
41. Rxd4+ Kxd4 42. Ra3 Ne4 43. Rxa7 Rxg3+ 44. Kh2 $13) 40... Kf3 $1 41. Rxd4
Rxg3+ 42. Kh2 Rg2+ $19) (37... Bf2 $5 38. fxe4+ (38. Ra5+ Ke6) 38... Kxe4 39.
Ra4+ Bd4 {- 37...Bb6}) 38. Ra5+ $16 Kxf6 39. fxe4 Nf2+ 40. Kg2 Ng4 41. Rc6+ Kg7
(41... Ke7 $5) 42. Kf3 Kh7 43. Rc7 Bb6 44. Rh5+ Nh6 45. Rc6 Rg6 46. Rxg6 fxg6
47. Rb5 Kg7 48. g4 Nf7 49. e5 Nd8 50. Rxb3 Ne6 51. Rb4 Kf7 52. Ke4 Ke7 53. Rc4
Bf2 54. h5 gxh5 55. gxh5 Kf7 56. Kd5 Bb6 57. h6 {Hecht [#] Tactics. A
transition into a won pawn-versus-bishop ending, because the bishop can't
control the h-pawn. [#] Taktik. Übergang in ein gewonnenes Endspiel Bauern
gegen Läufer, weil der Läufer nicht den h-Bauern kontrollieren kann.} Nc7+ (
57... Ng5 {Hecht} 58. e6+ Ke7 (58... Nxe6 59. h7 $18) 59. Rg4 Be3 60. h7 Nxh7
61. Rg7+ $18) (57... Nf8 {Hecht} 58. e6+ Ke7 59. Rf4 Be3 60. Rxf8 Kxf8 61. e7+
$18) 58. Rxc7+ Bxc7 59. e6+ 1-0